Capitais de províncias do Brasil em 1872 - Statistics

Estatísticas Gerais
  • Esse quiz foi jogado 105 vezes
  • A pontuação média é 18 de 21
Respostas no mapa
Respostas codificadas por cores de uma escala verde-vermelha no mapa do quiz de acordo com a % correta abaixo.
 
Estatísticas das Respostas
Província % Correto
São Paulo
98%
Manaus
97%
Coritiba
96%
Rio de Janeiro
96%
Belém
94%
Fortaleza
93%
Porto Alegre
93%
Salvador
93%
São Luís
93%
Natal
92%
Teresina
92%
Cuiabá
91%
Vitória
91%
Recife
90%
Aracaju
89%
Maceió
89%
Ouro Preto
70%
Niterói
67%
Cidade de Goiás
61%
Desterro
49%
Parahyba
46%
Nenhum quiz correspondente encontrado
Distribuição das Pontuações
Porcentagem de Pessoas com Cada Pontuação
Percentil de Números Respondidos
Sua Pontuação Histórica
Você não jogou esse quiz